| 000 | 01344nam a2200313 i 4500 | ||
|---|---|---|---|
| 001 | 768714001 | ||
| 003 | CO-MdFUSB | ||
| 005 | 20240618062723.0 | ||
| 007 | ta | ||
| 008 | 220524t1992 -us |||| |||| 00| 0 eng d | ||
| 020 | _q[No incluye ISBN] | ||
| 040 |
_aCO-MdFUSB _bspa _cCO-MdFUSB _dCO-MdFUSBC _erda |
||
| 041 | _aeng | ||
| 082 |
_223 _a266.0097294 _bB717 |
||
| 100 |
_aBonnette, Margaret, _eautor |
||
| 245 |
_aYippee in my soul : _bthe story of a missionary nurse in the remote mountains of Haiti _c/ Margaret Bonnette ; Edward Erny |
||
| 264 | 0 |
_aGreenwood, IN : _bOMS International, _c[1992] |
|
| 300 |
_a164 páginas _c; 20 cm |
||
| 336 |
_2rdacontent _atexto _btxt |
||
| 337 |
_2rdamedia _asin mediación _bn |
||
| 338 |
_2rdacarrier _avolumen _bnc |
||
| 505 | _a"¿Qué estoy haciendo aquí?" -- Viaje a Vaudreuil. -- Un niño de Oklahoma -- Detrás de las nubes. -- Comenzando de nuevo. -- "Conozca a esas personas de OMS" .. ¿Cómo me las arreglaré?" -- Todas las enfermedades imaginables -- "Señor, muéstrame" -- A Puerto Príncipe -- Un niño llamado Sansón -- Una arena de vida y muerte -- 6 de febrero! 6 de febrero! ¡Febrero! -- amigos y ángeles. | ||
| 563 | _aRústico | ||
| 650 | 0 |
_aMisiones _9154 |
|
| 700 |
_96552 _aErny, Edward, _eautor |
||
| 942 | _cBK | ||
| 945 | _aJTF-925 | ||
| 999 |
_c67897 _d67897 |
||